| 000 | 00750cab a2200193 4500 | ||
|---|---|---|---|
| 001 | ABS67401 | ||
| 008 | 040205n2004 000 0 eng u | ||
| 035 | _a(Sirsi) u125052 | ||
| 100 | _aWilcock, C. | ||
| 245 | _aHow to choose the right contract | ||
| 260 | _c2004 | ||
| 490 |
_aConstruction News _v (6850) 22 January 2004, 28-29(2) |
||
| 520 | _aOffers guidance on how to decide the most appropriate contract form of procurement to use for construction and engineering projects. Outlines why the correct choice is important and provides a short checklist, which can aid the decision. | ||
| 590 | _aABS | ||
| 650 | _aBUILT ENVIRONMENT-BUILDING CONTRACT FORMS | ||
| 650 | _aENGINEERING CONTRACTS | ||
| 690 |
_aProcurement _96260 |
||
| 942 | _n0 | ||
| 999 |
_c74125 _d74125 |
||